| 000 | 00623nam a2200205Ia 4500 | ||
|---|---|---|---|
| 003 | GCL | ||
| 008 | 140319s9999 xx 000 0 ara d | ||
| 040 |
_aGCL / _cGCL |
||
| 082 | 0 | 4 |
_a370.13 _bل س |
| 100 | 1 | _aتمام الساحلى | |
| 245 | 1 | 0 |
_aالسياسات التربوية / _cتمام الساحلى |
| 700 | 1 | _aلوغران، لويس | |
| 260 |
_a[S.N] : _bالمؤسسة الجامعية للدراسات والنشر والتوزيع ، _c1990 |
||
| 300 | _a167 ص | ||
| 490 | _a | ||
| 650 | 0 | 4 | _aالتربية |
| 650 | 0 | 4 | _aتخطيط |
| 650 | 0 | 4 | _aالتعليم والدولة |
| 942 |
_2ddc _cBK |
||
| 999 |
_c35715 _d35715 |
||